JoJo's Bizarre Adventure characters by emojis - Statistics

General Stats
  • This quiz has been taken 614 times
    470 since last reset
  • The average score is 30 of 39
Answer Stats
Hint Answer % Correct
๐Ÿง›๐Ÿป๐Ÿฐ๐Ÿ”ช๐Ÿ‘Š๐ŸŒŽโธ๏ธโฑ๏ธ๐Ÿ’š Dio Brando
98%
โญ๐Ÿงข๐Ÿ‘Š๐Ÿ‘Š๐Ÿ‘Šโธ๏ธโฑ๏ธ๐Ÿฌ๐Ÿ‡ฏ๐Ÿ‡ต Jotaro Kujo
91%
๐Ÿถ๐Ÿ•๐Ÿœ๏ธ๐Ÿƒ Iggy
89%
๐ŸŽฉ๐Ÿ”จ๐Ÿšƒ๐Ÿ’ฌ๐Ÿ’ฌ๐Ÿ’ฌ Robert E.O. Speedwagon
89%
๐Ÿฆ๐Ÿง™โ€โ™‚๏ธ๐Ÿ”ด๐Ÿ”ฅ๐Ÿ”ฅ๐Ÿ”ฅ๐Ÿ”ฎ๐Ÿ‡ช๐Ÿ‡ฌ Muhammad Avdol
88%
๐Ÿคบโš”๏ธ๐Ÿง‘โ€๐Ÿฆฝ๐Ÿข๐Ÿ‡ซ๐Ÿ‡ท Jean-Pierre Polnareff
87%
โญโ˜€๏ธ๐Ÿฅ‹๐Ÿ—ก๏ธ๐Ÿฐ๐Ÿ‡ฌ๐Ÿ‡ง Jonathan Joestar
86%
โญโ˜€๏ธ๐Ÿฅ‹๐ŸŒต๐Ÿพ๐Ÿ“บ๐Ÿ‡บ๐Ÿ‡ธ Joseph Joestar
86%
๐Ÿง›๐Ÿป๐Ÿชจ๐ŸŒ‹๐ŸŒŒ๐Ÿ”ถ๐Ÿฟ๏ธ๐Ÿฆ‘๐Ÿฆ Kars
85%
๐ŸŸข๐Ÿ•ถ๏ธ๐Ÿ’Ž๐ŸŽจ๐Ÿ’๐Ÿ•ฐ๏ธ Noriaki Kakyoin
85%
๐Ÿ”ซ1๏ธโƒฃ2๏ธโƒฃ3๏ธโƒฃ5๏ธโƒฃ6๏ธโƒฃ7๏ธโƒฃ Guido Mista
84%
๐Ÿค ๐Ÿ”ซ๐Ÿšฌ๐ŸŽ Hol Horse
84%
โญ๐Ÿ’Žโค๏ธโ˜ฎ๏ธ๐Ÿš‘๐Ÿ‡ฏ๐Ÿ‡ต Josuke Higashikata
84%
๐ŸŽฉโ˜€๏ธ๐Ÿฅ‹๐Ÿท๐Ÿธ Will A. Zeppeli
84%
โญ๐Ÿž๐ŸŒณ๐Ÿ๐ŸŒผ๐ŸŸ๐Ÿ‡ฎ๐Ÿ‡น Giorno Giovanna
83%
๐Ÿ‘จ๐Ÿผโ€๐Ÿ’ผ๐Ÿ’ฃ๐Ÿ’ฅ๐Ÿ’€๐Ÿฑ๐ŸŒฑโชโฑ๏ธ Yoshikage Kira
83%
โ˜€๏ธ๐Ÿฅ‹๐Ÿซง๐Ÿท๐Ÿ Caesar Zeppeli
82%
โญ๐Ÿฆ‹๐Ÿงถ๐Ÿงต๐Ÿ•ธ๏ธ๐Ÿ•ถ๏ธ๐Ÿ‡บ๐Ÿ‡ธ Jolyne Cujoh
80%
๐Ÿ”Š๐Ÿฅš1๏ธโƒฃ2๏ธโƒฃ3๏ธโƒฃ๐Ÿฅถ Koichi Hirose
80%
๐Ÿค๐Ÿงท๐Ÿ•ณ๏ธ๐ŸงŸ๐Ÿ‡ฎ๐Ÿ‡น Bruno Bucciarati
79%
๐Ÿ’ฟ๐Ÿโœ๏ธโ›ช๐Ÿ‘ผ๐ŸŒŽ Enrico Pucci
79%
โœ๏ธ๐Ÿ–Š๏ธ๐Ÿ“–๐Ÿ’ฌ๐ŸŽจ Rohan Kishibe
79%
โ›ˆ๏ธ๐ŸŒฆ๏ธโšก๐Ÿธ๐ŸŒˆ๐ŸŒ Weather Report
78%
โญ๐Ÿ‡๐Ÿง‘โ€๐Ÿฆฝ๐Ÿ’…๐Ÿป๐ŸŒ€๐Ÿ‡บ๐Ÿ‡ธ Johnny Joestar
77%
๐Ÿค ๐Ÿ‡โšพโšพ๐ŸŒ€ Gyro Zeppeli
76%
๐Ÿ›ฉ๏ธ๐Ÿš€๐Ÿ’ฅ๐Ÿ‘… Narancia Ghirga
76%
๐ŸŸฃโ˜๏ธ๐Ÿ‘Šโ˜ ๏ธโ˜ฃ๏ธ Pannacotta Fugo
75%
๐Ÿ‡๐Ÿฆ–๐Ÿฆ•๐Ÿฆด๐Ÿ”ช๐ŸŒŽโธ๏ธโฑ๏ธ Diego Brando
74%
๐Ÿ“ผ๐ŸŽฅโ—€๏ธโ–ถ๏ธโฉ๐Ÿ‘ฎ Leone Abbacchio
74%
๐Ÿ’ฒ๐Ÿ–๏ธโšช๐Ÿชด๐Ÿ Okuyasu Nijimura
74%
๐Ÿ‘ฅ๐Ÿ˜‡๐Ÿ‘ฟโŒโฑ๏ธ๐Ÿน Diavolo
73%
โญ๐Ÿซงโš“โ›ต๐ŸŽ๐ŸŽ๐Ÿ‡ฏ๐Ÿ‡ต Josuke Higashikata
72%
๐Ÿ’‹๐Ÿ’‹๐Ÿ‘ฅ๐Ÿ’ตโšพ Ermes Costello
71%
๐Ÿ‡บ๐Ÿ‡ธ๐Ÿ‡๐Ÿœ๏ธ๐Ÿš‚๐Ÿ›ค๏ธโœ๏ธ Funny Valentine
70%
๐Ÿ’ง๐Ÿฅค๐ŸŸ๐ŸŸ๐ŸŸ Foo Fighters
67%
๐Ÿคฟโฌ‡๏ธ๐Ÿ˜โ™‚๏ธโ™€๏ธ Narciso Anasui
64%
โญ๐ŸŒง๏ธ๐ŸŒง๏ธ๐ŸŒง๏ธ๐Ÿ๏ธ๐Ÿ’ต Jodio Joestar
54%
๐Ÿชจ๐Ÿฅ๐ŸŽฉโœˆ๏ธ๐ŸŽ8๏ธโƒฃ9๏ธโƒฃ Tooru
47%
๐Ÿ—บ๏ธโšก๐Ÿ“ฑ๐Ÿ’ป๐ŸŒน Yasuho Hirose
43%
No matching quizzes found
Score Distribution
Percent of People with Each Score
Percentile by Number Answered
Your Score History
You have not taken this quiz since the last reset